<?xml version="1.0" encoding="UTF-8"?>
<record
    xmlns:xsi="http://www.w3.org/2001/XMLSchema-instance"
    xsi:schemaLocation="http://www.loc.gov/MARC21/slim http://www.loc.gov/standards/marcxml/schema/MARC21slim.xsd"
    xmlns="http://www.loc.gov/MARC21/slim">

  <leader>01022nam a22002057a 4500</leader>
  <datafield tag="999" ind1=" " ind2=" ">
    <subfield code="c">64137</subfield>
    <subfield code="d">64137</subfield>
  </datafield>
  <controlfield tag="003">Ge_BSU</controlfield>
  <controlfield tag="005">20260415122941.0</controlfield>
  <controlfield tag="008">260415s2003    ge ||||| |||| 00| 0 geo d</controlfield>
  <datafield tag="020" ind1=" " ind2=" ">
    <subfield code="a">9994020188</subfield>
  </datafield>
  <datafield tag="041" ind1=" " ind2=" ">
    <subfield code="a">geo</subfield>
  </datafield>
  <datafield tag="080" ind1=" " ind2=" ">
    <subfield code="a">339.727.2/3(479.22) &#x10EF;-42</subfield>
  </datafield>
  <datafield tag="100" ind1=" " ind2=" ">
    <subfield code="a">&#x10EF;&#x10D8;&#x10D1;&#x10E3;&#x10E2;&#x10D8;, &#x10D0;&#x10DB;&#x10D8;&#x10E0;&#x10D0;&#x10DC;</subfield>
    <subfield code="9">911</subfield>
  </datafield>
  <datafield tag="245" ind1=" " ind2=" ">
    <subfield code="a">&#x10E1;&#x10D0;&#x10E5;&#x10D0;&#x10E0;&#x10D7;&#x10D5;&#x10D4;&#x10DA;&#x10DD;&#x10E1; &#x10E1;&#x10D0;&#x10EE;&#x10D4;&#x10DA;&#x10DB;&#x10EC;&#x10D8;&#x10E4;&#x10DD; &#x10E1;&#x10D0;&#x10D2;&#x10D0;&#x10E0;&#x10D4;&#x10DD; &#x10D5;&#x10D0;&#x10DA;&#x10D8; /</subfield>
    <subfield code="c"> &#x10D0;&#x10DB;&#x10D8;&#x10E0;&#x10D0;&#x10DC; &#x10EF;&#x10D8;&#x10D1;&#x10E3;&#x10E2;&#x10D8;, &#x10D8;&#x10D5;&#x10D0;&#x10DC;&#x10D4; &#x10E6;&#x10DA;&#x10DD;&#x10DC;&#x10E2;&#x10D8;; [&#x10E0;&#x10D4;&#x10D3;.: &#x10D4;&#x10DA;&#x10D2;&#x10E3;&#x10EF;&#x10D0; &#x10DB;&#x10D4;&#x10E5;&#x10D5;&#x10D0;&#x10D1;&#x10D8;&#x10E8;&#x10D5;&#x10D8;&#x10DA;&#x10D8;]; &#x10D7;&#x10E1;&#x10E3;.</subfield>
  </datafield>
  <datafield tag="264" ind1=" " ind2=" ">
    <subfield code="a">&#x10D7;&#x10D1;&#x10D8;&#x10DA;&#x10D8;&#x10E1;&#x10D8; : </subfield>
    <subfield code="b">&#x10D7;&#x10D1;&#x10D8;&#x10DA;. &#x10E3;&#x10DC;-&#x10E2;&#x10D8;&#x10E1; &#x10D2;&#x10D0;&#x10DB;-&#x10D1;&#x10D0;, </subfield>
    <subfield code="c">2003.</subfield>
  </datafield>
  <datafield tag="300" ind1=" " ind2=" ">
    <subfield code="a">212 &#x10D2;&#x10D5;. ; </subfield>
    <subfield code="b">20 &#x10E1;&#x10DB;.</subfield>
  </datafield>
  <datafield tag="653" ind1=" " ind2=" ">
    <subfield code="a">&#x10E1;&#x10D0;&#x10E5;&#x10D0;&#x10E0;&#x10D7;&#x10D5;&#x10D4;&#x10DA;&#x10DD;&#x10E1; &#x10E1;&#x10D0;&#x10D2;&#x10D0;&#x10E0;&#x10D4;&#x10DD; &#x10D5;&#x10D0;&#x10DA;&#x10D8;</subfield>
  </datafield>
  <datafield tag="700" ind1=" " ind2=" ">
    <subfield code="a">&#x10E6;&#x10DA;&#x10DD;&#x10DC;&#x10E2;&#x10D8;, &#x10D8;&#x10D5;&#x10D0;&#x10DC;&#x10D4;</subfield>
    <subfield code="e">&#x10D0;&#x10D5;&#x10E2;&#x10DD;&#x10E0;&#x10D8;</subfield>
    <subfield code="9">27317</subfield>
  </datafield>
  <datafield tag="700" ind1=" " ind2=" ">
    <subfield code="a">&#x10DB;&#x10D4;&#x10E5;&#x10D5;&#x10D0;&#x10D1;&#x10D8;&#x10E8;&#x10D5;&#x10D8;&#x10DA;&#x10D8;, &#x10D4;&#x10DA;&#x10D2;&#x10E3;&#x10EF;&#x10D0;</subfield>
    <subfield code="e">&#x10E0;&#x10D4;&#x10D3;&#x10D0;&#x10E5;&#x10E2;&#x10DD;&#x10E0;&#x10D8;</subfield>
    <subfield code="9">27318</subfield>
  </datafield>
  <datafield tag="942" ind1=" " ind2=" ">
    <subfield code="2">udc</subfield>
    <subfield code="c">BK</subfield>
  </datafield>
  <datafield tag="952" ind1=" " ind2=" ">
    <subfield code="0">0</subfield>
    <subfield code="1">0</subfield>
    <subfield code="2">udc</subfield>
    <subfield code="4">0</subfield>
    <subfield code="6">3397272347922_&#x10EF;42</subfield>
    <subfield code="7">0</subfield>
    <subfield code="9">105995</subfield>
    <subfield code="a">CPL</subfield>
    <subfield code="b">CPL</subfield>
    <subfield code="c">GEN</subfield>
    <subfield code="d">2026-04-15</subfield>
    <subfield code="g">7.00</subfield>
    <subfield code="o">339.727.2/3(479.22) &#x10EF;-42</subfield>
    <subfield code="p">74294</subfield>
    <subfield code="r">2026-04-15</subfield>
    <subfield code="t">74294</subfield>
    <subfield code="w">2026-04-15</subfield>
    <subfield code="y">BK</subfield>
    <subfield code="z">7 &#x10DA;.</subfield>
  </datafield>
  <datafield tag="952" ind1=" " ind2=" ">
    <subfield code="0">0</subfield>
    <subfield code="1">0</subfield>
    <subfield code="2">udc</subfield>
    <subfield code="4">0</subfield>
    <subfield code="6">3397272347922_&#x10EF;42</subfield>
    <subfield code="7">0</subfield>
    <subfield code="9">105996</subfield>
    <subfield code="a">CPL</subfield>
    <subfield code="b">CPL</subfield>
    <subfield code="c">GEN</subfield>
    <subfield code="d">2026-04-15</subfield>
    <subfield code="g">7.00</subfield>
    <subfield code="o">339.727.2/3(479.22) &#x10EF;-42</subfield>
    <subfield code="p">74291</subfield>
    <subfield code="r">2026-04-15</subfield>
    <subfield code="t">74291</subfield>
    <subfield code="w">2026-04-15</subfield>
    <subfield code="y">BK</subfield>
    <subfield code="z">7 &#x10DA;.</subfield>
  </datafield>
  <datafield tag="952" ind1=" " ind2=" ">
    <subfield code="0">0</subfield>
    <subfield code="1">0</subfield>
    <subfield code="2">udc</subfield>
    <subfield code="4">0</subfield>
    <subfield code="6">3397272347922_&#x10EF;42</subfield>
    <subfield code="7">0</subfield>
    <subfield code="9">105997</subfield>
    <subfield code="a">CPL</subfield>
    <subfield code="b">CPL</subfield>
    <subfield code="c">GEN</subfield>
    <subfield code="d">2026-04-15</subfield>
    <subfield code="g">7.00</subfield>
    <subfield code="o">339.727.2/3(479.22) &#x10EF;-42</subfield>
    <subfield code="p">74295</subfield>
    <subfield code="r">2026-04-15</subfield>
    <subfield code="t">74295</subfield>
    <subfield code="w">2026-04-15</subfield>
    <subfield code="y">BK</subfield>
    <subfield code="z">7 &#x10DA;.</subfield>
  </datafield>
  <datafield tag="952" ind1=" " ind2=" ">
    <subfield code="0">0</subfield>
    <subfield code="1">0</subfield>
    <subfield code="2">udc</subfield>
    <subfield code="4">0</subfield>
    <subfield code="6">3397272347922_&#x10EF;42</subfield>
    <subfield code="7">0</subfield>
    <subfield code="9">105998</subfield>
    <subfield code="a">CPL</subfield>
    <subfield code="b">CPL</subfield>
    <subfield code="c">GEN</subfield>
    <subfield code="d">2026-04-15</subfield>
    <subfield code="g">7.00</subfield>
    <subfield code="o">339.727.2/3(479.22) &#x10EF;-42</subfield>
    <subfield code="p">74293</subfield>
    <subfield code="r">2026-04-15</subfield>
    <subfield code="t">74293</subfield>
    <subfield code="w">2026-04-15</subfield>
    <subfield code="y">BK</subfield>
    <subfield code="z">7 &#x10DA;.</subfield>
  </datafield>
  <datafield tag="952" ind1=" " ind2=" ">
    <subfield code="0">0</subfield>
    <subfield code="1">0</subfield>
    <subfield code="2">udc</subfield>
    <subfield code="4">0</subfield>
    <subfield code="6">3397272347922_&#x10EF;42</subfield>
    <subfield code="7">0</subfield>
    <subfield code="9">105999</subfield>
    <subfield code="a">CPL</subfield>
    <subfield code="b">CPL</subfield>
    <subfield code="c">GEN</subfield>
    <subfield code="d">2026-04-15</subfield>
    <subfield code="g">7.00</subfield>
    <subfield code="o">339.727.2/3(479.22) &#x10EF;-42</subfield>
    <subfield code="p">74292</subfield>
    <subfield code="r">2026-04-15</subfield>
    <subfield code="t">74292</subfield>
    <subfield code="w">2026-04-15</subfield>
    <subfield code="y">BK</subfield>
    <subfield code="z">7 &#x10DA;.</subfield>
  </datafield>
</record>
